000 00753nam a2200241Ia 4500
005 20260430150632.0
008 008 250103s9999 xx 000 0 eng d
037 _aTheses
040 _aCRL
040 _beng
040 _ceng
041 _2eng
041 _aeng
084 _qCRL
100 _aDotania Krittika Au.; Chakrabarti Rina Gu.; Rai Umesh Gu.
_91238065
245 0 _aNucleobindin2/Nesfatin-1 in Wall Lizard, Hemidactylus Flaviviridis: Sequence Characterization, Differential Expression, Hormonal Regulation and Pleiotropic Functions
260 _c2023
300 _a173p.
650 _aZoology
700 _aUniversity of Delhi. Faculty of Science. Deptt. of Zoology
_91237953
942 _cTH
999 _c1850267
_d1850267